Sports Quiz

Random Sports or Baseball Quiz

Red Sox Opening Day Starting Infielders Quiz Stats

 Plays Quiz not verified by Sporcle

Challenge
Share
Tweet
Embed
Score 0/236 Timer 15:00
0 Plays Today
Hint Answer % Correct
2007Dustin Pedroia
97.1%
2008Dustin Pedroia
97.1%
2009Dustin Pedroia
97.1%
2010Dustin Pedroia
97.1%
2011Dustin Pedroia
97.1%
2012Dustin Pedroia
97.1%
2013Dustin Pedroia
97.1%
2014Dustin Pedroia
97.1%
2015Dustin Pedroia
97.1%
2016Dustin Pedroia
97.1%
2017Dustin Pedroia
96.9%
1997Nomar Garciaparra
93.4%
1998Nomar Garciaparra
93.4%
1999Nomar Garciaparra
93.4%
2000Nomar Garciaparra
93.4%
2002Nomar Garciaparra
93.4%
2003Nomar Garciaparra
93.4%
1983Wade Boggs
90%
1984Wade Boggs
90%
1985Wade Boggs
90%
1986Wade Boggs
90%
1987Wade Boggs
90%
1988Wade Boggs
90%
1989Wade Boggs
90%
1990Wade Boggs
90%
1991Wade Boggs
90%
1992Wade Boggs
90%
1973Carl Yastrzemski
89.2%
1975Carl Yastrzemski
89.2%
1976Carl Yastrzemski
89.2%
1982Carl Yastrzemski
89.2%
2018Hanley Ramirez
85.7%
2018Xander Bogaerts
85.7%
1992Mo Vaughn
85.5%
1993Mo Vaughn
85.5%
1994Mo Vaughn
85.5%
1995Mo Vaughn
85.5%
1996Mo Vaughn
85.5%
1997Mo Vaughn
85.5%
1998Mo Vaughn
85.5%
2016Hanley Ramirez
83%
2006Alex Gonzalez
81.3%
2011Adrian Gonzalez
81.3%
2012Adrian Gonzalez
81.3%
2015David Ortiz
81.3%
1966George Scott
80.5%
1967George Scott
80.5%
1968George Scott
80.5%
1969George Scott
80.5%
1970George Scott
80.5%
1971George Scott
80.5%
1977George Scott
80.5%
1978George Scott
80.5%
1979George Scott
80.5%
1965Rico Petrocelli
80.1%
1966Rico Petrocelli
80.1%
1967Rico Petrocelli
80.1%
1968Rico Petrocelli
80.1%
1969Rico Petrocelli
80.1%
1970Rico Petrocelli
80.1%
1971Rico Petrocelli
80.1%
1972Rico Petrocelli
80.1%
1973Rico Petrocelli
80.1%
1974Rico Petrocelli
80.1%
1975Rico Petrocelli
80.1%
1976Rico Petrocelli
80.1%
2014Xander Bogaerts
79.7%
2015Xander Bogaerts
79.7%
2016Xander Bogaerts
79.7%
2006Kevin Youkilis
79.3%
2007Kevin Youkilis
79.3%
2008Kevin Youkilis
79.3%
2009Kevin Youkilis
79.3%
2010Kevin Youkilis
79.3%
2011Kevin Youkilis
79.3%
2012Kevin Youkilis
79.3%
1985Bill Buckner
77.6%
1986Bill Buckner
77.6%
1987Bill Buckner
77.6%
Hint Answer % Correct
2006Mike Lowell
77.6%
2007Mike Lowell
77.6%
2008Mike Lowell
77.6%
2009Mike Lowell
77.6%
2017Xander Bogaerts
76.9%
2017Pablo Sandoval
73.8%
1978Jerry Remy
72.2%
1979Jerry Remy
72.2%
1980Jerry Remy
72.2%
1984Jerry Remy
72.2%
1994John Valentin
71.4%
1995John Valentin
71.4%
1996John Valentin
71.4%
1997John Valentin
71.4%
1998John Valentin
71.4%
1999John Valentin
71.4%
2000John Valentin
71.4%
1975Rick Burleson
70.1%
1976Rick Burleson
70.1%
1977Rick Burleson
70.1%
1978Rick Burleson
70.1%
1979Rick Burleson
70.1%
1980Rick Burleson
70.1%
2004Bill Mueller
70.1%
2005Bill Mueller
70.1%
1974Cecil Cooper
69.7%
1993Scott Cooper
69.7%
1994Scott Cooper
69.7%
1977Butch Hobson
68%
1978Butch Hobson
68%
1980Butch Hobson
68%
2003Kevin Millar
67.2%
2004Kevin Millar
67.2%
2005Kevin Millar
67.2%
1985Marty Barrett
66.4%
1986Marty Barrett
66.4%
1987Marty Barrett
66.4%
1988Marty Barrett
66.4%
1989Marty Barrett
66.4%
1990Marty Barrett
66.4%
2013Mike Napoli
63.5%
2014Mike Napoli
63.5%
1966George Smith
63.1%
1967George Smith
63.1%
2005Edgar Renteria
63.1%
1968Dalton Jones
62.2%
2015Pablo Sandoval
61.8%
1960Pumpsie Green
61.4%
1961Pumpsie Green
61.4%
1980Tony Perez
61.4%
1981Tony Perez
61.4%
2004Mark Bellhorn
60.2%
2005Mark Bellhorn
60.2%
2010Adrian Beltre
59.3%
1987Spike Owen
57.3%
1988Dwight Evans
57.3%
1988Spike Owen
57.3%
2018Eduardo Nunez
57.1%
2017Mitch Moreland
56.9%
2016Travis Shaw
56%
1976Denny Doyle
53.9%
1977Denny Doyle
53.9%
2013Will Middlebrooks
53.1%
2014Will Middlebrooks
53.1%
2007Julio Lugo
52.7%
2008Julio Lugo
52.7%
1971Luis Aparicio
51.9%
1972Luis Aparicio
51.9%
1973Luis Aparicio
51.9%
2002Tony Clark
50.6%
2001Shea Hillenbrand
50.2%
2002Shea Hillenbrand
50.2%
2003Shea Hillenbrand
50.2%
2000Jose Offerman
49%
1981Carney Lansford
48.1%
1982Carney Lansford
48.1%
1989Jody Reed
48.1%
1990Jody Reed
48.1%
1991Jody Reed
48.1%
Hint Answer % Correct
1992Jody Reed
48.1%
1989Nick Esasky
46.9%
1960Frank Malzone
46.5%
1962Frank Malzone
46.5%
1963Frank Malzone
46.5%
1964Frank Malzone
46.5%
1965Frank Malzone
46.5%
1968Mike Andrews
46.5%
1969Mike Andrews
46.5%
1970Mike Andrews
46.5%
1963Dick Stuart
45.6%
1964Dick Stuart
45.6%
2001Brian Daubach
45.6%
2004Pokey Reese
45.2%
1981Dave Stapleton
44.4%
1982Dave Stapleton
44.4%
1983Dave Stapleton
44.4%
1984Dave Stapleton
44.4%
2003Todd Walker
44%
1991Tim Naehring
40.2%
1995Tim Naehring
40.2%
1996Tim Naehring
40.2%
1997Tim Naehring
40.2%
2006Mark Loretta
40.2%
1969Ken Harrelson
39.8%
2010Marco Scutaro
39.8%
2011Marco Scutaro
39.8%
1981Glenn Hoffman
36.9%
1982Glenn Hoffman
36.9%
1983Glenn Hoffman
36.9%
1984Glenn Hoffman
36.9%
1986Glenn Hoffman
36.9%
1965Lee Thomas
36.1%
2018Rafael Devers
35.7%
1999Mike Stanley
34.9%
2000Mike Stanley
34.9%
1991Carlos Quintana
34.4%
1971Doug Griffin
32.4%
1972Doug Griffin
32.4%
1973Doug Griffin
32.4%
1974Doug Griffin
32.4%
1975Doug Griffin
32.4%
1960Pete Runnels
32%
1961Pete Runnels
32%
1962Pete Runnels
32%
2002Rey Sanchez
31.5%
2009Jed Lowrie
30.3%
1967Joe Foy
29.5%
1985Jackie Gutierrez
29%
1999Jeff Frye
28.2%
2013Jose Iglesias
26.6%
1993Scott Fletcher
25.7%
1994Scott Fletcher
25.7%
1965Felix Mantilla
25.3%
1996Wil Cordero
25.3%
1972Danny Cater
23.7%
1992Luis Rivera
23.2%
1993Luis Rivera
23.2%
2012Mike Aviles
23.2%
1995Luis Alicea
22.8%
1974Mario Guerrero
21.2%
1961Chuck Schilling
20.3%
1962Chuck Schilling
20.3%
1963Chuck Schilling
20.3%
1964Chuck Schilling
20.3%
1962Eddie Bressoud
19.5%
1963Eddie Bressoud
19.5%
1964Eddie Bressoud
19.5%
2001Chris Stynes
16.2%
2001Craig Grebeck
15.8%
1979Jack Brohamer
14.1%
1961Vic Wertz
11.2%
1960Don Buddin
10.4%
1983Julio Valdez
9.5%
1998Donnie Sadler
9.5%
1966Tony Horton
7.9%
1970Luis Alvarado
7.1%
1990Billy Jo Robidoux
7.1%

You're not logged in!

Compare scores with friends on all Sporcle quizzes.
Join for Free
OR
Log In

Show Comments

Extras

Top Quizzes Today


Score Distribution

Your Account Isn't Verified!

In order to create a playlist on Sporcle, you need to verify the email address you used during registration. Go to your Sporcle Settings to finish the process.

Report this User

Report this user for behavior that violates our Community Guidelines.

Details: